000 00343 a2200121 4500
001 ART_26207
005 20260410161937.0
008 260409a
245 1 0 _aAlternativas vigentes en investigación contable
100 1 _aAquel, Sandra
700 1 _aCicerchia, Lucía
773 0 _tSaberEs
_g- Nº 3 (jun. 2011)
_wREV26089
999 _c29099
_d29099